00656 2200253 4500001002100000008004100021035002000062245004100082100001400123110001500137260003400152300001200186020001800198084001400216082000800230650001900238990001900257990002100276990002100297990002100318990002100339990002100360990002100381INLIS000000000001312 ind  a0010-0724001312 aPengetahuan Tentang LampucTia Malik aTia Malik aMalik, Tia aSurabayabGaleri Wacanac2008 a28 hlm. a979.9925.44.4 a621 TIA p a621 aFisika Terapan aP29/CP/24/1312 aP29/CP/24/1312.1 aP29/CP/24/1312.2 aP29/CP/24/1312.3 aP29/CP/24/1312.4 aP29/CP/24/1312.5 aP29/CP/24/1312.6